Elements of the law relating to vendors and purchasers (Record no. 112666)

MARC details
000 -LEADER
fixed length control field 00602cam a22001935a 4500
001 - CONTROL NUMBER
control field E153718
008 - FIXED-LENGTH DATA ELEMENTS--GENERAL INFORMATION
fixed length control field 110822s1922 xxk f 000 0 eng d
035 ## - SYSTEM CONTROL NUMBER
System control number (Sirsi) u153718
041 0# - LANGUAGE CODE
Language code of text/sound track or separate title eng
050 04 - LIBRARY OF CONGRESS CALL NUMBER
Classification number 333.33 $2 18
100 1# - MAIN ENTRY--PERSONAL NAME
Personal name Bowen, David
245 00 - TITLE STATEMENT
Title Elements of the law relating to vendors and purchasers
260 ## - PUBLICATION, DISTRIBUTION, ETC.
Place of publication, distribution, etc. London
Name of publisher, distributor, etc. Estates Gazette
Date of publication, distribution, etc. 1922
300 ## - PHYSICAL DESCRIPTION
Extent lxxxvii, 471 p.
Dimensions 22 cm.
520 ## - SUMMARY, ETC.
Summary, etc. Offers guidance for surveyors, estate agents, valuers and auctioneers.
651 #4 - SUBJECT ADDED ENTRY--GEOGRAPHIC NAME
Geographic name England and Wales
Chronological subdivision 1543-
690 ## - LOCAL SUBJECT ADDED ENTRY--TOPICAL TERM (OCLC, RLIN)
Topical term or geographic name as entry element PROPERTY-PROPERTY ACQUISITION AND DISPOSAL
942 ## - ADDED ENTRY ELEMENTS (KOHA)
Suppress in OPAC 0
Holdings
Withdrawn status Lost status Source of classification or shelving scheme Damaged status Not for loan Home library Current library Shelving location Date acquired Total Checkouts Full call number Barcode Date last seen Copy number Price effective from Koha item type
    Dewey Decimal Classification     London London Basement 22/08/2011   RESERVE 333.33 BOW 30076993 06/08/2019 1 06/08/2019 Book